Best NBA shooting guards of all time - Statistics

General Stats
  • This quiz has been taken 4,829 times
  • The average score is 7 of 10
Answer Stats
Team Player % Correct
Bulls Jordan
98%
Heat Wade
97%
Lakers Bryant
90%
76ers Iverson
85%
Pacer Miller
81%
Blazers Drexler
78%
Heat/Celtics Allen
72%
Lakers West
70%
Spurs Gervin
53%
Knicks Monroe
16%
No matching quizzes found
Score Distribution
Percent of People with Each Score
Percentile by Number Answered
Your Score History
You have not taken this quiz